000 00973nam a22002417a 4500
008 240605b mp ||||| |||| 00| 0 mon d
020 _a978-9919-516-49-9
035 _a29914
040 _aHE0623081
_bmon
_cMN-UlNLM
_dMN-UlNLM
_erda
041 _amon
042 _a70743
084 _2NNA
_a84(0)-44
_bН.151
100 _aНагаража Д.
245 0 _aБудда унтлагын цагаар 3
264 _aУБ.
_bМонсудар хэвлэлийн газар
_c2017
300 _a125х.
336 _2rdacontent
_atext
_btxt
337 _2rdamedia
_aunmediated
_bn
338 _2rdacarrier
_avolume
_bnc
650 _aЭнэ номоор дамжуулан та болон таны хүүхэд олон сонирхолтой дүрүүд, нөхцөл байдалтай танилцаж, хайр халамж, өгөөмөр сэтгэл, үнэнч...
942 _2NNA
_cBK
999 _c895525
_d895582